|
|
|
|
| LEADER |
00660nab a2200181 i 4500 |
| 001 |
publ20921 |
| 005 |
20210225162954.0 |
| 008 |
210225s2018 hu o 0|| zxx d |
| 022 |
|
|
|a 1788-7593
|
| 024 |
7 |
|
|a 30447632
|2 mtmt
|
| 040 |
|
|
|a SZTE Publicatio Repozitórium
|b hun
|
| 041 |
|
|
|a zxx
|
| 100 |
1 |
|
|a Hampel György
|
| 245 |
1 |
0 |
|a Egymintás t-próba programozható kialakítása Excel VBA környezetben
|h [elektronikus dokumentum] /
|c Hampel György
|
| 260 |
|
|
|c 2018
|
| 300 |
|
|
|a 169-175
|
| 490 |
0 |
|
|a JELENKORI TÁRSADALMI ÉS GAZDASÁGI FOLYAMATOK
|v 13 No. 3-4
|
| 856 |
4 |
0 |
|u http://publicatio.bibl.u-szeged.hu/20921/1/jelenkori_013_003_004_169-175.pdf
|z Dokumentum-elérés
|